| 000 | 00532nam a22001937a 4500 | ||
|---|---|---|---|
| 999 |
_c3488 _d3488 |
||
| 003 | AR-CdUCM | ||
| 008 | 190306b ||||| |||| 00| 0 spa d | ||
| 040 |
_aMUNICIPALIDAD PROVINCIAL DEL CUSCO _cBIBLIOTECA MUNICIPAL DEL CUSCO |
||
| 082 |
_a869.56 / _bR74 |
||
| 100 |
_aRodriguez Lira, Daniel _911432 |
||
| 245 | _aLa quinta cabellera / | ||
| 260 |
_aCusco : _bMalgra, _c2017. |
||
| 300 |
_a184 páginas ; _c20 cm. |
||
| 650 |
_aNovela _95 |
||
| 650 |
_aSiglo XX _98 |
||
| 650 |
_aPerú _935 |
||
| 942 |
_2ddc _cLIBROS |
||
| 945 | _admma | ||